[Event "Swiss Queens Wed #4"]
[Site "FIDE Online Arena INT"]
[Date "2024.02.21"]
[Round "6"]
[White "Dominguez, Laura Lucia"]
[Black "Aliaga Fernandez, Ingrid Yadira"]
[Result "0-1"]
[WhiteElo "1988"]
[BlackElo "2147"]
[PlyCount "96"]
[EventDate "2024.02.21"]
[EventType "swiss (blitz)"]
[EventRounds "11"]
[EventCountry "NET"]
[SourceTitle "CB09_2024"]
[SourceDate "2024.02.28"]
[SourceVersion "1"]
[SourceVersionDate "2024.02.28"]
[SourceQuality "1"]

1. e4 c5 2. Nf3 e6 3. d4 cxd4 4. Nxd4 a6 5. Nc3 Qc7 6. f4 Bb4 7. Bd2 Nf6 8. Bd3 Bxc3 9. bxc3 d5 10. e5 Nfd7 11. 0-0 g6 12. Qg4 Nc6 13. Rab1 b5 14. Kh1 Rb8 15. Bc1 Ne7 16. Ne2 Nc5 17. Ba3 Bd7 18. Qh4 h6 19. Rf3 Rc8 20. Qf6 Rh7 21. Rg3 Qd8 22. Qh4 Nxd3 23. Rxd3 Nf5 24. Qf2 h5 25. g3 Qc7 26. h3 Qc4 27. Kh2 Qxa2 28. Rbd1 Qxa3 29. Nd4 Nxd4 30. Qxd4 Qc5 31. Qxc5 Rxc5 32. Ra1 Rc6 33. Kg2 Ke7 34. Kf3 Rh8 35. h4 Rhc8 36. Ra3 Kd8 37. Ke3 Kc7 38. Kd2 Kb6 39. Rd4 Rc4 40. Rd3 b4 41. cxb4 Rxc2+ 42. Ke3 Bb5 43. Rdb3 R2c4 44. Ra1 Rc3+ 45. Rxc3 Rxc3+ 46. Kd2 Rxg3 47. Rc1 Rg2+ 48. Ke3 Rb2 0-1

[Event "Swiss Queens Wed #4"]
[Site "FIDE Online Arena INT"]
[Date "2024.02.21"]
[Round "2"]
[White "Dominguez, Laura Lucia"]
[Black "Tripurambika, V."]
[Result "1/2-1/2"]
[WhiteElo "1988"]
[BlackElo "1329"]
[PlyCount "96"]
[EventDate "2024.02.21"]
[EventType "swiss (blitz)"]
[EventRounds "11"]
[EventCountry "NET"]
[SourceTitle "CB09_2024"]
[SourceDate "2024.02.28"]
[SourceVersion "1"]
[SourceVersionDate "2024.02.28"]
[SourceQuality "1"]

1. c4 c5 2. Nc3 Nf6 3. g3 e6 4. Bg2 Be7 5. d3 Nc6 6. e4 0-0 7. Nge2 d6 8. 0-0 a6 9. Be3 Ng4 10. Bd2 h6 11. b3 Nge5 12. Nc1 Nb4 13. Qe2 Nc2 14. Rb1 Nd4 15. Qd1 f5 16. f4 Ng6 17. Be3 fxe4 18. dxe4 Bf6 19. N1e2 Nxe2+ 20. Nxe2 Qc7 21. Qd2 b6 22. Rbd1 Rd8 23. h4 Bb7 24. Nc3 Ne7 25. Bh3 e5 26. Nd5 Nxd5 27. exd5 exf4 28. Be6+ Kh8 29. Rxf4 Rf8 30. Rdf1 Qe7 31. Re4 Be5 32. Rxf8+ Rxf8 33. Rxe5 dxe5 34. Bxh6 Rf3 35. Kg2 Qxe6 36. Bxg7+ Kxg7 37. Kxf3 Qf5+ 38. Kg2 e4 39. Qc3+ Kg6 40. Qe3 b5 41. Qxc5 bxc4 42. Qb6+ Kh5 43. Qxb7 Qf3+ 44. Kh2 Qf2+ 45. Kh3 Qf5+ 46. Kh2 Qf2+ 47. Kh3 Qf1+ 48. Kh2 Qf2+ 1/2-1/2

[Event "Swiss Queens Wed #3"]
[Site "FIDE Online Arena INT"]
[Date "2024.02.14"]
[Round "5"]
[White "Dominguez, Laura Lucia"]
[Black "Duarte Cramer, Lily Jeanette"]
[Result "1-0"]
[WhiteElo "1988"]
[BlackElo "1429"]
[PlyCount "101"]
[EventDate "2024.02.14"]
[EventType "swiss (blitz)"]
[EventRounds "11"]
[EventCountry "NET"]
[SourceTitle "CB08_2024"]
[SourceDate "2024.02.21"]
[SourceVersion "1"]
[SourceVersionDate "2024.02.21"]
[SourceQuality "1"]

1. e4 g6 2. d4 Bg7 3. f3 e5 4. Be3 exd4 5. Bxd4 Nf6 6. c4 0-0 7. Nc3 d6 8. Qd2 c5 9. Be3 Nc6 10. Nge2 Nb4 11. 0-0-0 Be6 12. Nf4 a5 13. Nxe6 fxe6 14. Qxd6 Qxd6 15. Rxd6 Rfe8 16. a3 Nc6 17. Nb5 Rac8 18. Rd1 Rcd8 19. Rxd8 Rxd8 20. Bxc5 Nd7 21. Be3 Nde5 22. Kc2 Ne7 23. Be2 N5c6 24. Rd1 Kf7 25. Rxd8 Nxd8 26. Bb6 Ndc6 27. b3 Be5 28. g3 g5 29. Be3 h6 30. Kd3 Ng6 31. Bd2 Bd6 32. Nxd6+ Ke7 33. Nxb7 Nge5+ 34. Ke3 g4 35. f4 Nd7 36. Nxa5 Nc5 37. Nxc6+ Kd6 38. Nd4 e5 39. fxe5+ Kxe5 40. b4 Ne6 41. Nxe6 Kxe6 42. Bxg4+ Ke5 43. c5 h5 44. Bxh5 Kf6 45. Bc3+ Kg5 46. c6 Kh6 47. c7 Kg5 48. c8Q Kxh5 49. Qg8 Kh6 50. Bf6 Kh5 51. Qg5# 1-0

[Event "Swiss Queens Wed #2"]
[Site "FIDE Online Arena INT"]
[Date "2024.02.07"]
[Round "1"]
[White "Dominguez, Laura Lucia"]
[Black "Balabayeva, Kseniya"]
[Result "0-1"]
[WhiteElo "1988"]
[BlackElo "2282"]
[PlyCount "68"]
[EventDate "2024.02.07"]
[EventType "swiss (blitz)"]
[EventRounds "11"]
[EventCountry "NET"]
[SourceTitle "CB07_2024"]
[SourceDate "2024.02.14"]
[SourceVersion "1"]
[SourceVersionDate "2024.02.14"]
[SourceQuality "1"]

1. c4 e6 2. g3 d5 3. Bg2 Nf6 4. d3 c5 5. Nf3 Nc6 6. b3 Be7 7. 0-0 0-0 8. Nc3 d4 9. Nb5 a6 10. Na3 e5 11. Nc2 Bd7 12. Bg5 Rb8 13. a3 b5 14. Qd2 Qc7 15. Rfb1 bxc4 16. bxc4 Na5 17. Rxb8 Rxb8 18. Qd1 Ba4 19. Nd2 Rb2 20. Rc1 h6 21. Bxf6 Bxf6 22. h4 Qb6 23. Bd5 Nb3 24. Ne1 Rxd2 25. Qxd2 Nxd2 26. Ng2 Qb2 27. Re1 Qxa3 28. h5 Qc3 29. Kh2 Bd7 30. f3 a5 31. f4 exf4 32. gxf4 a4 33. Kg3 a3 34. Rd1 a2 0-1

[Event "Swiss Queens Wed #2"]
[Site "FIDE Online Arena INT"]
[Date "2024.02.07"]
[Round "6"]
[White "Dominguez, Laura Lucia"]
[Black "Preobrazhenskaya, Diana"]
[Result "0-1"]
[WhiteElo "1988"]
[BlackElo "1859"]
[PlyCount "144"]
[EventDate "2024.02.07"]
[EventType "swiss (blitz)"]
[EventRounds "11"]
[EventCountry "NET"]
[SourceTitle "CB07_2024"]
[SourceDate "2024.02.14"]
[SourceVersion "1"]
[SourceVersionDate "2024.02.14"]
[SourceQuality "1"]

1. e4 c5 2. Nf3 d6 3. d4 cxd4 4. Qxd4 Nc6 5. Bb5 Bd7 6. Bxc6 Bxc6 7. Nc3 Nf6 8. Bg5 e6 9. 0-0-0 Be7 10. Kb1 0-0 11. Qe3 Qc7 12. Nd4 a6 13. h4 b5 14. h5 b4 15. Nxc6 Qxc6 16. Ne2 h6 17. Nd4 Qc7 18. Bxf6 Bxf6 19. f4 Rfc8 20. Rd2 e5 21. Nf5 exf4 22. Qxf4 Be5 23. Qg4 Kh8 24. Rhd1 a5 25. Qe2 a4 26. Nxd6 Bxd6 27. Rxd6 Qc5 28. R6d5 Qe7 29. b3 a3 30. e5 Qc7 31. R1d3 Qb6 32. Qe1 Re8 33. c4 bxc3 34. Qxc3 Rac8 35. Qe1 Qc6 36. Qd1 Qb6 37. Rd6 Qb7 38. R3d5 Qb4 39. Rd8 Rcxd8 40. Rxd8 Rxd8 41. Qxd8+ Kh7 42. Qd3+ Kh8 43. Qe3 Qe7 44. Kc2 Qh4 45. Kd3 Qxh5 46. Qf3 Qxf3+ 47. gxf3 h5 48. Ke3 Kg8 49. b4 Kf8 50. Kf4 Ke7 51. Kg5 g6 52. f4 Kd7 53. b5 Kc7 54. e6 fxe6 55. Kxg6 h4 56. Kf6 h3 57. Kxe6 h2 58. f5 h1Q 59. f6 Qe4+ 60. Kf7 Qd5+ 61. Kg7 Qg2+ 62. Kf8 Qf3 63. f7 Qf6 64. Ke8 Qe6+ 65. Kf8 Kd7 66. Kg7 Qg4+ 67. Kf8 Qf5 68. Kg7 Qg5+ 69. Kf8 Ke6 70. b6 Qg6 71. Ke8 Qxf7+ 72. Kd8 Qd7# 0-1

[Event "Swiss Queens Wed #2"]
[Site "FIDE Online Arena INT"]
[Date "2024.02.07"]
[Round "11"]
[White "Stangl, Anita"]
[Black "Dominguez, Laura Lucia"]
[Result "0-1"]
[WhiteElo "2070"]
[BlackElo "1988"]
[PlyCount "64"]
[EventDate "2024.02.07"]
[EventType "swiss (blitz)"]
[EventRounds "11"]
[EventCountry "NET"]
[SourceTitle "CB07_2024"]
[SourceDate "2024.02.14"]
[SourceVersion "1"]
[SourceVersionDate "2024.02.14"]
[SourceQuality "1"]

1. e4 c5 2. Nf3 d6 3. d4 cxd4 4. Nxd4 Nf6 5. Nc3 g6 6. Bc4 Bg7 7. 0-0 0-0 8. Nde2 a6 9. a3 b5 10. Ba2 Bb7 11. Ng3 Nbd7 12. Bg5 Rc8 13. f4 h6 14. Bh4 Re8 15. Qd2 Qb6+ 16. Kh1 Rxc3 17. bxc3 Nxe4 18. Nxe4 Bxe4 19. Qe2 Nc5 20. Bf2 Qc6 21. Bd4 d5 22. Rae1 Na4 23. f5 gxf5 24. Qf2 e5 25. Ba7 Nxc3 26. Bb3 f4 27. Qh4 Re6 28. Qd8+ Kh7 29. Rf2 Rd6 30. Qb8 Rg6 31. Bc5 Qxc5 32. Qb7 Qxf2 0-1

[Event "COL-chT (Women)"]
[Site "Risaralda"]
[Date "2023.11.19"]
[Round "1.1"]
[White "Dominguez, Laura Lucia"]
[Black "Restrepo Patino, Isabella"]
[Result "1-0"]
[WhiteElo "1954"]
[BlackElo "1419"]
[PlyCount "41"]
[EventDate "2023.11.19"]
[EventType "team-swiss"]
[EventRounds "7"]
[EventCountry "COL"]
[SourceTitle "CB49_2023"]
[SourceDate "2023.12.06"]
[SourceVersion "1"]
[SourceVersionDate "2023.12.06"]
[SourceQuality "1"]
[WhiteTeam "Valle (W)"]
[BlackTeam "Quindio (W)"]
[WhiteTeamCountry "COL"]
[BlackTeamCountry "COL"]

1. e4 e5 2. Nf3 Nc6 3. d4 Nf6 4. dxe5 Nxe4 5. Qd5 Nc5 6. Bc4 Ne6 7. 0-0 Be7 8. Nc3 0-0 9. Ne4 Nb4 10. Qd2 h6 11. Ne1 a5 12. f4 d5 13. exd6 cxd6 14. Nc3 Bd7 15. a3 b5 16. Bxe6 fxe6 17. axb4 axb4 18. Rxa8 Qb6+ 19. Qe3 Qxe3+ 20. Bxe3 Rxa8 21. Ne2 1-0

[Event "Medellin de La Raza op"]
[Site "Medellin"]
[Date "2023.10.12"]
[Round "1"]
[White "Dominguez, Laura Lucia"]
[Black "Bocangel Chavez, Marjoire Johana"]
[Result "1-0"]
[WhiteElo "1976"]
[BlackElo "1617"]
[PlyCount "55"]
[EventDate "2023.10.12"]
[EventType "swiss"]
[EventRounds "10"]
[EventCountry "COL"]
[SourceTitle "Mega2024 Update 01"]
[Source "Chessbase"]
[SourceDate "2023.11.12"]
[SourceVersion "1"]
[SourceVersionDate "2023.11.12"]
[SourceQuality "1"]

1. e4 e6 2. d4 d5 3. Bd3 Nf6 4. e5 Nfd7 5. f4 Qh4+ 6. g3 Qd8 7. Nf3 c5 8. c3 Nc6 9. 0-0 Be7 10. Bc2 b6 11. Rf2 Ba6 12. a3 Qc7 13. Nbd2 h6 14. Nf1 Bxf1 15. Qxf1 c4 16. f5 0-0-0 17. Qh3 exf5 18. Bxf5 g6 19. Bc2 Kb7 20. Nh4 Rdf8 21. Be3 Bg5 22. Ng2 Bxe3 23. Nxe3 Ne7 24. Raf1 Rh7 25. e6 Nb8 26. Rxf7 Rhxf7 27. Rxf7 Nd7 28. Rxe7 1-0

[Event "Sabaneta op-A 2nd"]
[Site "Sabaneta Antioquia"]
[Date "2023.07.03"]
[Round "9"]
[White "Molina Ballesteros, Juan Sebastian"]
[Black "Dominguez, Laura Lucia"]
[Result "1-0"]
[WhiteElo "1780"]
[BlackElo "2009"]
[PlyCount "69"]
[EventDate "2023.06.28"]
[EventType "swiss"]
[EventRounds "9"]
[EventCountry "COL"]
[SourceTitle "CBM 215 Extra"]
[Source "ChessBase"]
[SourceDate "2023.09.30"]
[SourceVersion "1"]
[SourceVersionDate "2023.09.30"]
[SourceQuality "1"]

1. e4 c5 2. Nf3 d6 3. d4 cxd4 4. Nxd4 Nf6 5. Nc3 g6 6. Be3 Nc6 7. f3 Bg7 8. Qd2 h5 9. Nd5 Ne5 10. h3 Be6 11. Nxe6 fxe6 12. Bb5+ Kf7 13. Nf4 a6 14. Be2 b5 15. h4 Rc8 16. Nh3 Qd7 17. Ng5+ Ke8 18. f4 Nc4 19. Bxc4 Rxc4 20. Qd3 Rh6 21. Bd4 Bf8 22. 0-0-0 Ng4 23. Rhf1 Qc8 24. Kb1 Nf6 25. e5 Nd5 26. exd6 exd6 27. Nxe6 Nb4 28. Qe4 Nxc2 29. f5 gxf5 30. Qxf5 Qxe6 31. Qxf8+ Kd7 32. Rf7+ Qxf7 33. Qxf7+ Kc6 34. Bg7 Rh7 35. Qg6 1-0

[Event "Sabaneta op-A 2nd"]
[Site "Sabaneta Antioquia"]
[Date "2023.07.02"]
[Round "6"]
[White "Dominguez, Laura Lucia"]
[Black "Garzon Camelo, Andres Santiago"]
[Result "0-1"]
[WhiteElo "2009"]
[BlackElo "1957"]
[PlyCount "63"]
[EventDate "2023.06.28"]
[EventType "swiss"]
[EventRounds "9"]
[EventCountry "COL"]
[SourceTitle "CBM 215 Extra"]
[Source "ChessBase"]
[SourceDate "2023.09.30"]
[SourceVersion "1"]
[SourceVersionDate "2023.09.30"]
[SourceQuality "1"]

1. Nf3 Nf6 2. b3 d5 3. Bb2 e6 4. e3 Bd6 5. d4 0-0 6. Nbd2 b6 7. Bd3 Bb7 8. 0-0 c5 9. dxc5 bxc5 10. c4 Nbd7 11. Qc2 h6 12. Rfe1 Qc7 13. h3 Rad8 14. Rad1 Rfe8 15. a3 Rb8 16. Bc3 Ne5 17. Nxe5 Bxe5 18. Bxe5 Qxe5 19. cxd5 Qxd5 20. Bf1 Qg5 21. Nc4 Red8 22. Kh2 Ne4 23. Qb2 Bd5 24. Kg1 Qf6 25. Qxf6 gxf6 26. Na5 Rdc8 27. Ba6 Rc7 28. f3 Ng5 29. e4 Bxb3 30. Rb1 Rb6 31. Rxb3 Rxa6 32. Nc4 0-1

[Event "Sabaneta op-A 2nd"]
[Site "Sabaneta Antioquia"]
[Date "2023.06.30"]
[Round "5"]
[White "Cori, Jorge Moise"]
[Black "Dominguez, Laura Lucia"]
[Result "1-0"]
[WhiteElo "2636"]
[BlackElo "2009"]
[PlyCount "115"]
[EventDate "2023.06.28"]
[EventType "swiss"]
[EventRounds "9"]
[EventCountry "COL"]
[SourceTitle "CBM 215 Extra"]
[Source "ChessBase"]
[SourceDate "2023.09.30"]
[SourceVersion "1"]
[SourceVersionDate "2023.09.30"]
[SourceQuality "1"]

1. d4 Nf6 2. Nc3 d5 3. Bf4 e6 4. e3 c5 5. Nb5 Na6 6. c3 Be7 7. Nf3 0-0 8. a4 Bd7 9. Be2 Bxb5 10. axb5 Nc7 11. dxc5 Bxc5 12. 0-0 Qe7 13. Qc2 Nce8 14. Ra4 Nd6 15. Bg5 h6 16. Bh4 Nf5 17. Bxf6 Qxf6 18. e4 dxe4 19. Qxe4 Nd6 20. Qc2 Rac8 21. Bd3 Rfd8 22. Qe2 Bb6 23. g3 Nf5 24. Kg2 Rc5 25. h4 Rcd5 26. Be4 R5d7 27. h5 Qe7 28. Bxf5 exf5 29. Re1 Qc5 30. Rf4 Bc7 31. Rc4 Qxb5 32. Rd4 Qxe2 33. Rxe2 Kf8 34. Rb4 Bb6 35. Rf4 g6 36. hxg6 fxg6 37. Ne5 Rd2 38. Nxg6+ Kg7 39. Rxd2 Rxd2 40. Ne5 Bc7 41. Rxf5 Bxe5 42. Rxe5 Rxb2 43. g4 Rb3 44. Rc5 Kf6 45. f4 a6 46. Kg3 b6 47. Rc6+ Kg7 48. f5 a5 49. Rc7+ Kf6 50. Rc6+ Kg7 51. Kf4 a4 52. Ke5 Rb1 53. Rc7+ Kg8 54. Ra7 b5 55. f6 Rf1 56. Ke6 Rf4 57. Ra8+ Kh7 58. f7 1-0

[Event "Sabaneta op-A 2nd"]
[Site "Sabaneta Antioquia"]
[Date "2023.06.28"]
[Round "1"]
[White "Dominguez, Laura Lucia"]
[Black "Rueda Rojas, Richard Alejandro"]
[Result "1/2-1/2"]
[WhiteElo "2009"]
[BlackElo "1752"]
[PlyCount "49"]
[EventDate "2023.06.28"]
[EventType "swiss"]
[EventRounds "9"]
[EventCountry "COL"]
[SourceTitle "CBM 215 Extra"]
[Source "ChessBase"]
[SourceDate "2023.09.30"]
[SourceVersion "1"]
[SourceVersionDate "2023.09.30"]
[SourceQuality "1"]

1. Nf3 Nf6 2. c4 g6 3. Nc3 Bg7 4. d3 0-0 5. g3 c5 6. Bg2 Nc6 7. 0-0 d6 8. Rb1 Rb8 9. a3 a5 10. Bd2 Bd7 11. Qc1 Re8 12. h3 Nd4 13. b4 Nxf3+ 14. exf3 axb4 15. axb4 b6 16. f4 Qc8 17. Kh2 Bc6 18. Ne4 Nxe4 19. dxe4 b5 20. Re1 bxc4 21. Qxc4 Bb5 22. Qc2 cxb4 23. Qxc8 Rexc8 24. Rxb4 Bd3 25. Rc1 1/2-1/2

[Event "Pereira Gildardo Garcia Memorial-A"]
[Site "Pereira"]
[Date "2022.05.21"]
[Round "8"]
[White "Dominguez, Laura Lucia"]
[Black "Rios Parra, Alejandro"]
[Result "1/2-1/2"]
[WhiteElo "1999"]
[BlackElo "2220"]
[PlyCount "66"]
[EventDate "2022.05.18"]
[EventType "swiss"]
[EventRounds "10"]
[EventCountry "COL"]
[SourceTitle "CBM 208 Extra"]
[Source "ChessBase"]
[SourceDate "2022.07.31"]
[SourceVersion "1"]
[SourceVersionDate "2022.07.31"]
[SourceQuality "1"]

1. b3 d5 2. Bb2 Nf6 3. g3 Nc6 4. Nf3 Bf5 5. Bg2 h6 6. d3 Qd7 7. h4 0-0-0 8. e3 Bg4 9. Qd2 g6 10. Ne5 Nxe5 11. Bxe5 Rg8 12. Qa5 a6 13. Nc3 Be6 14. b4 Ng4 15. Bd4 Bg7 16. b5 Bxd4 17. exd4 Qd6 18. bxa6 Qxa6 19. Qxa6 bxa6 20. Na4 Kb8 21. Nc5 Bc8 22. Rb1+ Ka7 23. 0-0 g5 24. Rfe1 e6 25. hxg5 hxg5 26. Rb4 Rd6 27. Reb1 Rb6 28. Kf1 Rxb4 29. Rxb4 Rd8 30. Ke2 Rd6 31. c3 Rb6 32. Rb3 Nf6 33. Ke3 Rxb3 1/2-1/2

[Event "Liga Vallecaucana"]
[Site "Cali"]
[Date "2022.03.31"]
[Round "3.1"]
[White "Vanegas, Jhonny"]
[Black "Dominguez, Laura Lucia"]
[Result "0-1"]
[WhiteElo "2151"]
[BlackElo "1988"]
[PlyCount "44"]
[EventDate "2022.03.30"]
[EventType "schev"]
[EventRounds "7"]
[EventCountry "COL"]
[SourceTitle "EXT 2023"]
[Source "ChessBase"]
[SourceDate "2022.10.05"]
[SourceVersion "1"]
[SourceVersionDate "2022.10.05"]
[SourceQuality "1"]
[WhiteTeam "Equipo A"]
[BlackTeam "Equipo B"]
[WhiteTeamCountry "COL"]
[BlackTeamCountry "COL"]

1. d4 Nf6 2. c4 b6 3. Nc3 Bb7 4. Nf3 e6 5. a3 g6 6. Bg5 Bg7 7. h3 h6 8. Bf4 d6 9. e3 Nbd7 10. Qc2 0-0 11. Be2 Nh5 12. Bh2 f5 13. 0-0 Qe7 14. Nd2 Nhf6 15. Bf3 Bxf3 16. Nxf3 e5 17. dxe5 Nxe5 18. Nd4 c5 19. Bxe5 dxe5 20. Nde2 Rad8 21. Rad1 e4 22. Qa4 Qf7 0-1